| 000 | 00588nam a22002057a 4500 | ||
|---|---|---|---|
| 003 | OSt | ||
| 005 | 20140310183130.0 | ||
| 008 | 130531t xxu||||| |||| 00| 0 eng d | ||
| 020 | _a9789710328307 | ||
| 050 |
_aQ 1 _b.G326 2007 |
||
| 082 |
_aFIL 507 _bG28 2007 |
||
| 245 |
_aGeneral Education A+dvancement Program in Science _bA Self-Help Guide and Assessment Manual _cBauzon, Ma. Josefina V. |
||
| 260 |
_bEncleare Foundation, Inc. _cc2007 |
||
| 300 | _a308 p. | ||
| 521 | _acollege students | ||
| 526 | _c1210L-1700L | ||
| 541 | _j1 | ||
| 562 | _e1 | ||
| 942 |
_2lcc _cBK _kFIL |
||
| 999 |
_c19122 _d19122 |
||